000 003030000a22000970004500
100 1 _aAbma, Richtsje
245 1 0 _aTravelling from babylon to Zion : Location and its function in Isaiah 49-55
300 _aNúm 74 (1997), Páginas 3-28
773 0 _tJournal for the Study of the Old Testament
942 _cANA
999 _c54870
_d54870